| 000 | 00929cam a2200253 a 4500 | ||
|---|---|---|---|
| 001 | 000013019 | ||
| 005 | 20200929163126.0 | ||
| 008 | 940107s1971 mx 001 p spa d | ||
| 040 |
_aDO-SdBNP _bspa _cGFbASA _dDLC _dBNPHU |
||
| 082 |
_aMe863.42 _bU79m |
||
| 100 | 1 |
_aFrancisco Luis Urquizo Benavides _q(Francisco Luis Urquizo Benavides) _d1891-1969 _930047 |
|
| 245 | 1 | 0 |
_aMemorias de campaña : _bde subteniente a general / _cFrancisco L. Urquizo. |
| 260 |
_aMéxico : _bFondo de Cultura Económica, _c1971. |
||
| 300 |
_a159 p. ; _c17 cm. |
||
| 490 | 1 |
_aPopular _v102 |
|
| 500 | _aPRIMERA REIMPRESIÓN 1975 | ||
| 650 | 4 |
_aNarrativa mexicana _930048 |
|
| 651 | 4 |
_aMéxico _xHistoria _xRelatos Personales _ySIGLO XX _930049 |
|
| 651 | 4 |
_aMéxico _xHistoria _y1910-1946 _xFicción _930050 |
|
| 600 | 1 | 4 |
_aCARRANZA, VENUSTINO, _d1859-1920. _930051 |
| 830 | 0 |
_aPopular ; _v102 _913374 |
|
| 910 | _aCatalogación derivada | ||
| 049 | _aBNGR | ||
| 999 |
_c12666 _d12666 |
||